[Event "Julian Mazur Memorial"]
[Site "Wellington Chess Club"]
[Date "2017.07.20"]
[Round "1.20"]
[White "Hall, Nathan"]
[Black "Stracy, Don"]
[Result "1-0"]
[WhiteElo "1200"]
[BlackElo "1731"]

1. e4 c5 2. Nc3 Nc6 3. f4 g6 4. d3 d6 5. Be2 Bg7 6. Nf3 Nf6 7. O-O O-O 8. Bd2
e6 9. Qe1 Rb8 10. a4 b6 11. Qh4 Bb7 12. f5 exf5 13. exf5 Ne5 14. Ng5 gxf5 15.
Rxf5 Ng6 16. Qg3 Bc8 17. Rf2 h6 18. Nge4 Nxe4 19. Nxe4 Be5 20. Bf4 Qe7 21. Bh5
Kg7 22. Re1 Be6 23. Bxg6 fxg6 24. Bxe5+ dxe5 25. Qxe5+ Kh7 26. Nf6+ Rxf6 27.
Rxf6 Rf8 28. Rxe6 Qxe6 29. Qxe6 1-0

[Event "Julian Mazur Memorial"]
[Site "Wellington Chess Club"]
[Date "2017.07.20"]
[Round "1.21"]
[White "Day, Fabian"]
[Black "He, Paul"]
[Result "1-0"]
[WhiteElo "1726"]
[BlackElo "1051"]

1. e4 c5 2. d4 cxd4 3. c3 dxc3 4. Nxc3 Nc6 5. Nf3 g6 6. Bc4 Bg7 7. Qb3 e6 8.
Bg5 f6 9. Bh4 Nge7 10. O-O-O O-O 11. Bxe6+ Kh8 12. Nb5 Qb6 13. Bxd7 Bxd7 14.
Rxd7 Rad8 15. Rhd1 Rxd7 16. Rxd7 Rd8 17. Rxd8+ Qxd8 18. Bg3 Nc8 19. Qe6 N6e7
20. Bd6 Nxd6 21. Nxd6 Bh6+ 22. Kb1 Kg7 23. Qf7+ Kh8 24. Qxf6+ Kg8 25. Qf7+ Kh8
26. Qe8+ Qxe8 27. Nxe8 Kg8 28. Nd6 Kg7 29. Nxb7 Kf6 30. Kc2 Nc6 31. Kc3 Ne5 32.
Nxe5 Kxe5 33. Kd3 Bf4 34. g3 Bc1 35. f4+ Bxf4 36. gxf4+ Kxf4 37. Kd4 g5 38. e5
Kf5 39. Kd5 g4 1-0

[Event "Julian Mazur Memorial"]
[Site "Wellington Chess Club"]
[Date "2017.07.27"]
[Round "2.01"]
[White "Barraza, Jesse"]
[Black "Ker, Anthony"]
[Result "0-1"]
[WhiteElo "1871"]
[BlackElo "2489"]

1. e4 c5 2. d3 g6 3. f4 Bg7 4. Nf3 Nc6 5. c3 d5 6. Be2 e5 7. exd5 Qxd5 8. O-O
Nge7 9. Ng5 Bf5 10. Bf3 Qxd3 11. Qb3 O-O 12. Rd1 Qa6 13. Be3 h6 14. Ne4 Bxe4
15. Bxe4 Qe2 16. c4 exf4 17. Bxc6 fxe3 18. Bf3 Qxb2 19. Na3 Qf2+ 20. Kh1 e2 0-1

[Event "Julian Mazur Memorial"]
[Site "Wellington Chess Club"]
[Date "2017.07.27"]
[Round "2.02"]
[White "Dive, Russell"]
[Black "Mullan, Brett"]
[Result "1-0"]
[WhiteElo "2426"]
[BlackElo "1800"]

1. Nf3 Nf6 2. c4 e6 3. g3 c5 4. Bg2 Nc6 5. O-O Be7 6. d4 cxd4 7. Nxd4 Qb6 8.
Nb3 O-O 9. e4 d6 10. Nc3 a6 11. Qe2 Ne5 12. Rd1 Qc7 13. Bf1 Bd7 14. f4 Nc6 15.
Be3 Na5 16. Nd2 Rac8 17. Rac1 e5 18. f5 Qd8 19. g4 Nc6 20. g5 Ne8 21. h4 Nd4
22. Qf2 Bc6 23. Nf3 Nxf3+ 24. Qxf3 Kh8 25. Kh2 f6 26. g6 Nc7 27. Qh5 1-0

[Event "Julian Mazur Memorial"]
[Site "Wellington Chess Club"]
[Date "2017.07.27"]
[Round "2.03"]
[White "Benitez, Edgar"]
[Black "Timergazi, Layla"]
[Result "0-1"]
[WhiteElo "1850"]
[BlackElo "2174"]

1. d4 Nf6 2. c4 g6 3. Nf3 Bg7 4. Nc3 d6 5. Bg5 O-O 6. e3 Nc6 7. Be2 Bf5 8. O-O
Ne4 9. Nxe4 Bxe4 10. Nd2 Bf5 11. a3 a5 12. Bf3 a4 13. Rc1 Na5 14. Re1 h6 15.
Bh4 g5 16. Bg3 c5 17. Qxa4 cxd4 18. e4 Bg6 19. Qd1 Qb6 20. b4 Nc6 21. Qb3 h5
22. h3 Qa7 23. Nb1 Rfc8 24. c5 Ne5 25. cxd6 exd6 26. Be2 h4 27. Bh2 Bxe4 28.
Bxe5 Bxe5 29. Bh5 d5 30. Nd2 b5 31. Nxe4 dxe4 32. Qd5 Bf4 33. Rxc8+ Rxc8 34.
Qxe4 Rd8 35. Qd3 Qd7 36. Bd1 Re8 37. Rf1 Qd5 38. Bc2 Qe5 39. Qh7+ Kf8 40. Bb3
Qg7 41. Qd3 g4 42. Qf5 gxh3 43. Qxh3 Qf6 44. g3 Qg5 45. Qxh4 Qxh4 46. gxh4 d3
47. a4 bxa4 48. Bxa4 Re4 49. Rb1 d2 50. Bd1 Bc7 51. h5 Bb6 52. Kg2 Rf4 {White
lost on time} 0-1

[Event "Julian Mazur Memorial"]
[Site "Wellington Chess Club"]
[Date "2017.07.27"]
[Round "2.04"]
[White "Croad, Nicolas"]
[Black "Chen, Wei Kai"]
[Result "1-0"]
[WhiteElo "2375"]
[BlackElo "1732"]

1. d4 Nf6 2. Nf3 g6 3. Bg5 Bg7 4. c3 d6 5. Nbd2 O-O 6. e4 Nbd7 7. Bc4 e5 8.
dxe5 Nxe5 9. Nxe5 dxe5 10. O-O Qd6 11. Qe2 Bg4 12. f3 Be6 13. b4 Rad8 14. Rfd1
Qc6 15. Bxe6 Qxe6 16. Nc4 h6 17. Bh4 Rfe8 18. Ne3 c6 19. Qc4 Qc8 20. a4 Rxd1+
21. Rxd1 Rd8 22. Qe2 Rd7 23. Nc4 Nh5 24. Bf2 Qd8 25. Rxd7 Qxd7 26. g3 f6 27. a5
a6 28. Be3 Bf8 29. Nb6 Qd8 30. Kf1 g5 31. Qc4+ Kg7 32. Ke2 Be7 33. Qe6 Qd6 34.
Qc8 1-0

[Event "Julian Mazur Memorial"]
[Site "Wellington Chess Club"]
[Date "2017.07.27"]
[Round "2.05"]
[White "Perry, Roger"]
[Black "Day, Fabian"]
[Result "1-0"]
[WhiteElo "2125"]
[BlackElo "1726"]

1. d4 f5 2. Bg5 h6 3. Bh4 g5 4. e4 Nf6 5. e5 e6 6. exf6 Qxf6 7. Be2 Bg7 8. Bh5+
Kf8 9. f4 gxh4 10. Nf3 Nc6 11. c3 d6 12. Nbd2 Bd7 13. Qe2 Be8 14. Bxe8 Rxe8 15.
O-O-O a6 16. Qf2 b5 17. Qxh4 b4 18. Qxf6+ Bxf6 19. Nc4 Rg8 20. g3 Kf7 21. Rhe1
h5 22. Kc2 h4 23. gxh4 Rg4 24. Ng5+ Bxg5 25. hxg5 Rxf4 26. d5 Rxc4 27. dxc6
bxc3 28. bxc3 Kg6 29. Rd4 Rxc6 30. h4 e5 31. Rb4 Rh8 32. Rh1 e4 33. Kd2 d5 34.
Rd4 Rd6 35. Ke3 c5 36. Ra4 Re6 37. Ra5 Rc6 (37... d4+ $1 {e.g.} 38. cxd4 cxd4+
39. Kxd4 e3 40. Kd3 e2 41. Re1 Rd8+ 42. Kc2 f4 {wins for black} ) 38. Kf4 Rh7
39. Ke5 e3 40. Kxd5 Rb6 41. Rxc5 Rb5 42. Rxb5 axb5 43. Ke5 Re7+ 44. Kf4 e2 45.
h5+ Kf7 46. Re1 Re8 47. Kxf5 Re3 48. h6 1-0

[Event "Julian Mazur Memorial"]
[Site "Wellington Chess Club"]
[Date "2017.07.27"]
[Round "2.06"]
[White "Sellen, Ian"]
[Black "Meravanage, Satwik"]
[Result "1-0"]
[WhiteElo "2079"]
[BlackElo "1524"]

1. c4 e6 2. d4 d5 3. Nc3 Nf6 4. Bg5 Nbd7 5. e3 c6 6. Nf3 Be7 7. Bd3 h6 8. Bh4
O-O 9. O-O b6 10. Rc1 Ba6 11. cxd5 Bxd3 12. Qxd3 Nxd5 13. Bxe7 Qxe7 14. Qd2 c5
15. Nxd5 exd5 16. dxc5 Nxc5 17. Qxd5 Rfd8 18. Qc4 Rac8 19. b4 Nd3 20. Qxc8 Rxc8
21. Rxc8+ Kh7 22. a3 a5 23. bxa5 bxa5 24. Rc3 Nb2 25. Nd4 Na4 26. Rb3 Nc5 27.
Rb5 a4 28. Rb4 Qe4 29. Nb3 Qxb4 30. axb4 Nxb3 31. Rb1 Nd2 32. Ra1 1-0

[Event "Julian Mazur Memorial"]
[Site "Wellington Chess Club"]
[Date "2017.07.27"]
[Round "2.08"]
[White "Nyberg, Michael"]
[Black "Hall, Nathan"]
[Result "1-0"]
[WhiteElo "2032"]
[BlackElo "1200"]

1. c4 e6 2. g3 f5 3. Bg2 Nf6 4. Nc3 Be7 5. a3 a5 6. Rb1 c6 7. e4 fxe4 8. Nxe4
O-O 9. d3 d5 10. Nc3 Na6 11. Nge2 Nc5 12. O-O a4 13. Bg5 d4 14. Bxf6 Bxf6 15.
Ne4 Nb3 16. Nc1 Nxc1 17. Qxc1 Qb6 18. h4 Be7 19. Qd1 e5 20. Qe2 c5 21. Qh5 Bf5
22. Qe2 Rae8 23. Qd1 Qg6 24. Kh2 Ra8 25. b3 Bd7 26. Qc2 Ra6 27. b4 cxb4 28.
axb4 a3 29. b5 Ra5 30. Ra1 Rfa8 31. Rfb1 Ra4 32. Rb3 Bf5 33. Ra2 Bxe4 34. Bxe4
Qb6 35. Qe2 g6 36. Qg4 Kg7 37. Qd7 Qf6 38. Kg2 g5 39. hxg5 Qxg5 40. b6 Rf8 41.
Qxa4 Rf6 42. Qd7 Rf7 43. Qe6 h5 44. Rb1 h4 45. Qh3 hxg3 46. Qxg3 1-0

[Event "Julian Mazur Memorial"]
[Site "Wellington Chess Club"]
[Date "2017.07.27"]
[Round "2.09"]
[White "Nagrecha, Prashant"]
[Black "Rossiter, Philip"]
[Result "0-1"]
[WhiteElo "899"]
[BlackElo "1945"]

1. f3 c5 2. g4 d5 3. Nh3 Nc6 4. a3 e5 5. d3 Bd6 6. c3 Nge7 7. Qd2 O-O 8. Bg2 f5
9. g5 f4 10. c4 Nd4 11. Qd1 Nef5 12. Nc3 Nh4 13. Bf1 dxc4 14. Ne4 Bf5 15. Nxd6
Qxd6 16. dxc4 Nc2+ 0-1

[Event "Julian Mazur Memorial"]
[Site "Wellington Chess Club"]
[Date "2017.07.27"]
[Round "2.10"]
[White "De Briey, Aurian"]
[Black "Wastney, Scott"]
[Result "0-1"]
[WhiteElo "1300"]
[BlackElo "2391"]

1. d4 d5 2. c4 e6 3. Nc3 Nf6 4. Bg5 Be7 5. Nf3 O-O 6. e3 h6 7. Bh4 Ne4 8. Bxe7
Qxe7 9. cxd5 Nxc3 10. bxc3 exd5 11. Bd3 c5 12. O-O Nc6 13. Re1 Bg4 14. h3 Bh5
15. g4 Bg6 16. Bxg6 fxg6 17. Nd2 Qh4 18. Rf1 Qxh3 19. f3 Qg3+ 20. Kh1 Rae8 21.
e4 cxd4 22. exd5 Ne5 23. cxd4 Nd3 24. Ne4 Rxe4 25. Qxd3 Rxg4 26. fxg4 Qxd3 27.
Rxf8+ Kxf8 28. Rc1 Qe4+ 0-1

[Event "Julian Mazur Memorial"]
[Site "Wellington Chess Club"]
[Date "2017.07.27"]
[Round "2.11"]
[White "Forster, Bill"]
[Black "Stannard, Bobby"]
[Result "1-0"]
[WhiteElo "2093"]
[BlackElo "1481"]

1. d4 d5 2. c4 e6 3. Nc3 Nf6 4. Bg5 Be7 5. cxd5 Nxd5 6. Bxe7 Qxe7 7. e4 Nxc3 8.
bxc3 O-O 9. Bd3 b6 10. Nf3 Bb7 11. O-O Nd7 12. Qe2 e5 13. Nd2 Qg5 14. Nc4 Rfe8
15. dxe5 Nxe5 16. f4 Nf3+ 17. Rxf3 f5 18. fxg5 1-0

[Event "Julian Mazur Memorial"]
[Site "Wellington Chess Club"]
[Date "2017.07.27"]
[Round "2.12"]
[White "Stoeveken, Peter"]
[Black "Bennett, Ezra"]
[Result "1-0"]
[WhiteElo "1863"]
[BlackElo "1452"]

1. d4 Nf6 2. Bg5 Ne4 3. Bh4 g6 4. f3 Nf6 5. e4 Bg7 6. Bc4 c6 7. e5 Nd5 8. Bxd5
cxd5 9. Ne2 O-O 10. c3 d6 11. exd6 Qxd6 12. O-O Nc6 13. Na3 a6 14. Nc2 b5 15.
Ne3 a5 16. Bg3 e5 17. dxe5 Qc5 18. Bf2 Rd8 19. f4 d4 20. Nc2 Bg4 21. cxd4 Bxe2
22. dxc5 Bxd1 23. Raxd1 a4 24. Nd4 Nb4 25. a3 Nd5 26. Bh4 f6 27. Nc2 g5 28.
exf6 Bxf6 29. fxg5 Bxb2 30. Rb1 Bd4+ 31. Nxd4 Nc3 32. Nc6 Nxb1 33. Nxd8 Nxa3
34. Rd1 Nc2 35. g6 Ra7 36. Nc6 Rc7 37. Ne7+ Kg7 38. c6 a3 39. Nf5+ Kxg6 40.
Ne7+ Kf7 41. Bf6 Ke6 42. Rc1 Nb4 43. Bc3 Na2 44. Re1+ Kd6 45. Be5+ 1-0

[Event "Julian Mazur Memorial"]
[Site "Wellington Chess Club"]
[Date "2017.07.27"]
[Round "2.13"]
[White "Theodosiou, Andreas"]
[Black "Winter, Ryan"]
[Result "0-1"]
[WhiteElo "1392"]
[BlackElo "1711"]

1. c4 e6 2. Nc3 d5 3. cxd5 exd5 4. d4 Be7 5. Nf3 Nf6 6. e3 c6 7. Be2 O-O 8. O-O
Bf5 9. a3 Ne4 10. Nxe4 dxe4 11. Nd2 Bd6 12. f3 exf3 13. Nxf3 Nd7 14. b4 a6 15.
Qb3 Qe7 16. d5 cxd5 17. Qxd5 Be4 18. Qd4 Bxf3 19. Rxf3 Be5 20. Qe4 Bxh2+ 0-1

[Event "Julian Mazur Memorial"]
[Site "Wellington Chess Club"]
[Date "2017.07.27"]
[Round "2.14"]
[White "Thorpe, Richard"]
[Black "Konakanchi, Karthik"]
[Result "1-0"]
[WhiteElo "1632"]
[BlackElo "1504"]

1. e4 e5 2. Nf3 Nc6 3. Bb5 Bc5 4. c3 Nf6 5. d4 exd4 6. e5 Nd5 7. cxd4 Bb4+ 8.
Bd2 a6 9. Bc4 Nb6 10. Bxf7+ Kxf7 11. Qb3+ d5 12. Bxb4 Bg4 13. Nbd2 Re8 14. h3
Bh5 15. O-O Kg8 16. Bc5 Nc4 17. Nxc4 dxc4 18. Qxc4+ Kh8 19. g4 b6 20. Bxb6 cxb6
21. Qxc6 Bf7 22. b3 Bd5 23. Qc3 Rf8 24. Nd2 Qg5 25. Qe3 Qh4 26. Rac1 h5 27. Qg3
Qg5 28. f4 Qg6 29. f5 Qg5 30. Nc4 Rac8 31. h4 Qxg4 32. Qxg4 hxg4 33. Nxb6 Rxc1
34. Rxc1 Be4 35. Rf1 Bxf5 36. Nc4 Kg8 37. Nd6 Bd3 38. Rxf8+ Kxf8 39. Kf2 Bb1
40. a3 Ba2 41. b4 Ke7 42. Nf5+ Kf7 43. Ne3 Be6 44. d5 Bc8 45. Kg3 Kg6 46. Nxg4
Kf5 47. Kf3 Bb7 48. Ne3+ Kxe5 49. Kg4 Ke4 50. d6 Bc8+ 51. Nf5 {The rest is
slightly mysterious, White won} 1-0

[Event "Julian Mazur Memorial"]
[Site "Wellington Chess Club"]
[Date "2017.07.27"]
[Round "2.15"]
[White "Konakanchi, Pramodh"]
[Black "Darr, Samuel"]
[Result "0-1"]
[WhiteElo "1106"]
[BlackElo "1444"]

1. e4 e6 2. Nf3 d5 3. e5 c5 4. Bb5+ Bd7 5. Bxd7+ Qxd7 6. O-O Ne7 7. Nc3 Nf5 8.
h3 Be7 9. d3 Nc6 10. Qe2 O-O 11. Bg5 Ncd4 12. Qd2 Nxf3+ 13. gxf3 Nd4 14. Qf4
Bxg5 15. Qg4 h6 16. f4 Be7 17. Kh1 Nxc2 18. Rg1 g6 19. Rac1 Nb4 20. h4 Nxd3 21.
Rc2 Kh8 22. h5 Rg8 23. hxg6 Rxg6 24. Qh5 Rag8 25. Rxg6 Rxg6 26. Qh3 Nxf4 27.
Qf3 Ng2 28. Qxf7 Nh4 29. f3 Rg7 30. Qh5 Bg5 31. f4 Qf7 32. Qxf7 Rxf7 33. fxg5
Rf1+ 34. Kh2 hxg5 35. Ne2 d4 36. Ng3 Rd1 37. Rxc5 Rd2+ 38. Kh3 Rxb2 39. Rc8+
Kh7 40. Rc7+ Kg8 41. Rc8+ Kf7 42. Rc7+ Ke8 43. Rc8+ Kd7 44. Rc4 Nf5 45. Nh5 g4+
46. Kxg4 Ne3+ 47. Kf4 Nxc4 48. Nf6+ Kc6 49. Ke4 Rxa2 50. Kxd4 Ra4 51. Kc3 b5
52. Ne4 Nxe5 53. Kb3 Rxe4 54. Kc3 Rc4+ 55. Kb3 a5 56. Ka3 Rc3+ 57. Kb2 b4 58.
Ka2 a4 59. Kb2 Nd3+ 60. Ka2 Rc2+ 61. Ka1 a3 62. Kb1 b3 63. Ka1 Rc1# 0-1

[Event "Julian Mazur Memorial"]
[Site "Wellington Chess Club"]
[Date "2017.07.27"]
[Round "2.16"]
[White "Tagos, Bernardo"]
[Black "Stone, Andrew"]
[Result "0-1"]
[WhiteElo "1483"]
[BlackElo "2113"]

1. c4 Nf6 2. Nc3 g6 3. e4 d6 4. d4 Bg7 5. Bd3 Nbd7 6. Be3 e5 7. d5 a5 8. Nge2
Nc5 9. Bc2 O-O 10. O-O Ng4 11. Bd2 f5 12. f3 Nf6 13. Bg5 f4 14. Na4 h6 15. Bxf6
Rxf6 16. Nxc5 dxc5 17. Ba4 Raa6 18. Qd2 g5 19. Bb5 Rad6 20. Qxa5 g4 21. Rf2 Rg6
22. Qe1 g3 23. hxg3 fxg3 24. Nxg3 Rxg3 25. Kf1 Qg5 26. Ke2 Rxg2 27. Rxg2 Qxg2+
28. Qf2 Rg6 29. b3 h5 30. Be8 Rg5 31. Qxg2 Rxg2+ 32. Kd3 h4 33. Bh5 h3 34. Ke3
Bh6+ 35. Kd3 h2 36. Rh1 Bf4 37. a4 Rg1 38. Rxh2 Bxh2 39. Kc2 Kf8 40. Kb2 Rg5
41. Bg4 Bxg4 42. fxg4 0-1

[Event "Julian Mazur Memorial"]
[Site "Wellington Chess Club"]
[Date "2017.07.27"]
[Round "2.17"]
[White "Stracy, Don"]
[Black "Del Favero, Marcus"]
[Result "1-0"]
[WhiteElo "1737"]
[BlackElo "1410"]

1. e4 c6 2. Nc3 d5 3. Nf3 dxe4 4. Nxe4 Bf5 5. Ng3 e6 6. Nxf5 exf5 7. Bc4 Nd7 8.
O-O Be7 9. d4 Ngf6 10. Re1 O-O 11. c3 Bd6 12. h3 Qc7 13. Bd3 f4 14. Bd2 Nb6 15.
c4 Be7 16. Qc2 Rad8 17. Bc3 Rfe8 18. b4 a6 19. a4 Bf8 20. a5 Nc8 21. Ng5 g6 22.
Ne4 Nxe4 23. Rxe4 Rxe4 24. Bxe4 Nd6 25. Bd3 Bg7 26. Rd1 Re8 27. c5 Nc8 28. Bc4
Qd7 29. d5 cxd5 30. Bxg7 Kxg7 31. Qc3+ Kg8 32. Rxd5 Qe7 33. Rd1 Qg5 34. Qf3 Re7
35. Rd8+ Kg7 36. Rxc8 Qf5 37. Rd8 Qb1+ 38. Rd1 Qxb4 39. Qxf4 Qxc5 40. Qd4+ Re5
41. Qxc5 Rxc5 42. Bd5 Rb5 43. f4 Kf6 44. Kf2 Kf5 45. Kf3 Rc5 46. g4+ Kf6 47.
Ke4 Rxa5 48. Bxb7 g5 49. fxg5+ Kxg5 50. Rd5+ Rxd5 51. Bxd5 f6 52. Kf3 Kh6 53.
Kg2 a5 54. Bb3 Kg6 55. Bc2+ Kg5 56. Kg3 h5 57. h4+ Kh6 58. Kf4 Kg7 59. g5 fxg5+
60. hxg5 h4 61. Kg4 h3 62. Kxh3 Kg8 63. Kg4 Kg7 64. Kf5 Kh7 65. Ba4 Kg7 66. g6
Kg8 67. Kf6 Kh8 68. g7+ Kg8 69. Bb3+ 1-0

[Event "Julian Mazur Memorial"]
[Site "Wellington Chess Club"]
[Date "2017.07.27"]
[Round "2.18"]
[White "Dixon, Hamish"]
[Black "Zhao, Aiden"]
[Result "1-0"]
[WhiteElo "1697"]
[BlackElo "1279"]

1. e4 e5 2. Nf3 Nc6 3. d4 Nf6 4. d5 Ne7 5. Nxe5 Nxe4 6. Qf3 Nf6 7. Bc4 d6 8.
Nd3 Nf5 9. O-O Be7 10. Nc3 O-O 11. Bf4 Re8 12. Rae1 Nd4 13. Qd1 c6 14. dxc6
bxc6 15. Nb4 Qb6 16. a3 d5 17. Na4 Qa5 18. Qxd4 Qxa4 19. Bb3 Qa5 20. Nxc6 Bc5
21. Rxe8+ Nxe8 22. Qxd5 Qb5 23. Qxf7+ 1-0

[Event "Julian Mazur Memorial"]
[Site "Wellington Chess Club"]
[Date "2017.07.27"]
[Round "2.19"]
[White "He, Caleb"]
[Black "Farrington, Lawrence"]
[Result "1-0"]
[WhiteElo "1416"]
[BlackElo "1838"]

1. e4 e6 2. d4 d5 3. Nc3 Bb4 4. a3 Bxc3+ 5. bxc3 dxe4 6. Qg4 Nf6 7. Qxg7 Rg8 8.
Qh6 Rg6 9. Qe3 b6 10. f3 Bb7 11. Bb5+ Nbd7 12. Bb2 exf3 13. Nxf3 Rxg2 14. O-O-O
c6 15. Bd3 Nd5 16. Qh6 N7f6 17. Rhg1 Rxg1 18. Rxg1 Qe7 19. Bxh7 O-O-O 20. Bd3
Rg8 21. Rxg8+ Nxg8 22. Qh8 Qd8 23. Ne5 Qg5+ 24. Kb1 f5 25. h4 Qg1+ 26. Ka2 Kc7
27. Qh7+ Nde7 28. Qf7 Kd6 29. Qe8 Bc8 30. Qd8+ 1-0

[Event "Julian Mazur Memorial"]
[Site "Wellington Chess Club"]
[Date "2017.07.27"]
[Round "2.20"]
[White "Wight, Joshua"]
[Black "Leask, Hamish"]
[Result "1-0"]
[WhiteElo "1609"]
[BlackElo "1570"]

1. e4 d5 2. exd5 Nf6 3. Ne2 Nxd5 4. g3 Bg4 5. Bg2 Nc6 6. c3 Ne5 7. O-O Nd3 8.
Qa4+ Qd7 9. Qe4 Nxc1 10. Rxc1 c6 11. d4 g6 12. Re1 Bf5 13. Qf3 Bh6 14. h3 Bxh3
15. Bxh3 Qxh3 16. c4 Nf6 17. Nf4 Bxf4 18. Qxf4 Ng4 19. Qf3 h5 20. Nd2 h4 21.
Ne4 hxg3 22. Nxg3 Qh2+ 23. Kf1 f5 24. Ke2 Qh6 25. Kd3 Rd8 26. Re6 Qg7 27. Qf4
Rf8 28. Rae1 Rd7 29. Qb8+ Kf7 30. Qxa7 Nxf2+ 31. Kc3 Rfd8 32. R6e2 Rxd4 33.
Rxe7+ Kf8 34. Rxg7 Rd3+ 35. Kb4 Kxg7 36. Qxf2 Rd2 37. Re2 R2d7 38. Qg2 Kf6 39.
Qf2 Rd4 40. Ne4+ Kg7 41. Nc3 Kf6 42. b3 b5 43. Qe3 R8d7 44. Qe6+ Kg5 45. Rg2+
1-0

[Event "Julian Mazur Memorial"]
[Site "Wellington Chess Club"]
[Date "2017.07.27"]
[Round "2.21"]
[White "Asher, Bruce"]
[Black "Wevers, Alexis"]
[Result "1-0"]
[WhiteElo "1258"]
[BlackElo "1654"]

1. d4 Nf6 2. c4 e6 3. Nc3 Bb4 4. a3 Bxc3+ 5. bxc3 d5 6. Bf4 dxc4 7. e3 Nd5 8.
Qa4+ Nd7 9. Qxc4 N7b6 10. Qc5 Nxf4 11. exf4 Nd5 12. g3 Qd7 13. Nf3 b6 14. Qc4
Bb7 15. Bg2 O-O 16. O-O Rfc8 17. Ne5 Qd6 18. Be4 c5 19. Qd3 cxd4 20. c4 Ba6 21.
Qxd4 f6 22. Ng4 Rxc4 23. Nxf6+ gxf6 24. Qd3 f5 25. Bxd5 Qxd5 26. Qe2 Bb7 27. f3
Qc5+ 28. Kh1 Rc3 29. Qxe6+ Kf8 30. Qf6+ Ke8 31. Rfe1+ Re3 32. Qh8+ Kd7 33.
Qxh7+ Kc6 34. Rec1 Rc3 35. Qg6+ Kb5 36. Rab1+ Ka5 37. Rxc3 Qxc3 38. Qxf5+ Qc5
39. Qxc5+ bxc5 40. Rxb7 Rc8 41. f5 c4 42. Re7 c3 43. Re1 c2 44. Rc1 Ka4 45. g4
Kb3 46. f6 Kb2 47. Rxc2+ Kxc2 48. g5 Rf8 49. h4 Rh8 50. Kg2 Rxh4 51. Kg3 Rh8
52. Kg4 Kd3 53. Kf5 Ke3 54. g6 Kxf3 55. f7 Rh4 56. Kf6 Rf4+ 57. Kg7 Kg4 58.
f8=Q 1-0

[Event "Julian Mazur Memorial"]
[Site "Wellington Chess Club"]
[Date "2017.07.27"]
[Round "2.22"]
[White "Jacobsen-Grocott, Josiah"]
[Black "Sole, Michael"]
[Result "0-1"]
[WhiteElo "1238"]
[BlackElo "1727"]

1. d4 Nf6 2. c4 e6 3. Nc3 c5 4. Nf3 cxd4 5. Nxd4 Nc6 6. g3 Bb4 7. Bg2 Bxc3+ 8.
bxc3 O-O 9. O-O a6 10. Rb1 e5 11. Nf5 d5 12. Ba3 Bxf5 13. Rxb7 Na5 14. Rb4 Nxc4
15. f4 Ne3 16. Qb3 Nxf1 17. fxe5 Nd2 18. Qd1 Nfe4 19. Rd4 Qg5 20. Bxf8 Qe3+ 0-1

[Event "Julian Mazur Memorial"]
[Site "Wellington Chess Club"]
[Date "2017.07.27"]
[Round "2.23"]
[White "Kibblewhite, Daniel"]
[Black "Sknar, Andrew"]
[Result "0-1"]
[WhiteElo "1400"]
[BlackElo "1276"]

1. e4 e5 2. Nf3 Nc6 3. Bc4 h6 4. O-O Nf6 5. d4 Nxe4 6. Nxe5 Nxe5 7. dxe5 d6 8.
exd6 Bxd6 9. Bxf7+ Kxf7 10. Qf3+ Nf6 11. Nc3 c6 12. h3 Qe7 13. Bd2 Qe5 14. g3
Bxh3 15. Rfe1 Qd4 16. Be3 Qc4 17. Rad1 Bg4 18. Ne4 Qxe4 19. Qxe4 Nxe4 20. Rd4
Bf3 21. Bc1 Rae8 22. Re3 Bh5 23. Rexe4 Rxe4 24. Rxe4 Bg6 25. Rd4 Ke6 26. c3 Rf8
27. Be3 Bc5 28. Rf4 Rxf4 29. Bxf4 Bb1 30. a3 h5 31. Kg2 Be4+ 32. f3 Bd5 33. Bd2
Kf5 34. Be1 g5 35. Bf2 Bxf2 36. Kxf2 h4 37. gxh4 gxh4 38. Kg2 Kf4 39. Kh3 Bxf3
40. Kxh4 Ke3 41. c4 Kd3 42. c5 Kc2 43. Kg3 Bd5 44. b4 Kb3 45. Kf4 Kxa3 46. Ke5
Bf3 47. Kd6 Kxb4 48. Kc7 Kxc5 49. Kxb7 a5 50. Ka6 a4 0-1

[Event "Julian Mazur Memorial"]
[Site "Wellington Chess Club"]
[Date "2017.08.03"]
[Round "3.01"]
[White "Ker, Anthony"]
[Black "Perry, Roger"]
[Result "1-0"]
[WhiteElo "2489"]
[BlackElo "2124"]

1. e4 c5 2. c3 Nf6 3. e5 Nd5 4. d4 cxd4 5. cxd4 d6 6. Nf3 Nc6 7. Bc4 Nb6 8. Bb3
dxe5 9. d5 Na5 10. Nc3 Bg4 11. O-O Nxb3 12. Qxb3 Bxf3 13. gxf3 g6 14. Bg5 h6
15. Be3 Bg7 16. Rfd1 O-O 17. Nb5 Nc8 18. Rac1 b6 19. Rc6 Nd6 20. Nxd6 exd6 21.
Qb4 Qf6 22. Kg2 Rfd8 23. b3 Qe7 24. Rdc1 Rd7 25. R1c4 Re8 26. Bc1 f5 27. f4 e4
28. Be3 g5 29. Qd2 Kh7 30. fxg5 Be5 31. b4 Rg8 32. Rc8 Rxc8 33. Rxc8 Qf7 34.
Bf4 Qh5 35. Bxe5 Qg4+ 36. Bg3 Rf7 37. Qf4 1-0

[Event "Julian Mazur Memorial"]
[Site "Wellington Chess Club"]
[Date "2017.08.03"]
[Round "3.02"]
[White "Sellen, Ian"]
[Black "Dive, Russell"]
[Result "0-1"]
[WhiteElo "2056"]
[BlackElo "2434"]

1. d4 Nf6 2. Bf4 c5 3. dxc5 Na6 4. Nc3 Nxc5 5. e3 Qb6 6. Qd4 d6 7. b4 Ncd7 8.
Bb5 Qxd4 9. exd4 a6 10. Be2 e5 11. Be3 d5 12. Rb1 e4 13. Nh3 Nb6 14. Nf4 Bd7
15. a3 Rc8 16. Rb3 Be7 17. Bd1 O-O 18. O-O Rc7 19. f3 Rfc8 20. Nfe2 Na4 21. Bd2
Nxc3 22. Rxc3 Bb5 23. Re1 exf3 24. gxf3 Ne8 25. Rxc7 Nxc7 26. Ng3 Ne6 27. c3
Bg5 28. Bxg5 Nxg5 29. Re3 Nh3+ 30. Kg2 Nf4+ 31. Kh1 g6 32. a4 Bc4 33. Bc2 Kf8
34. Kg1 a5 35. b5 b6 36. Kf2 h5 37. Nf1 h4 38. Nd2 Rc7 39. Nxc4 dxc4 40. Be4
Re7 41. Bc6 Nd3+ 42. Ke2 f6 43. Rxe7 Kxe7 44. Ke3 f5 45. Bd5 Nb2 46. Kd2 Kd6
47. Bf7 g5 48. Kc2 g4 49. fxg4 fxg4 50. Bh5 g3 51. hxg3 hxg3 52. Bf3 Nd3 53.
Kd2 Ke6 54. Ke3 Nb2 55. Bg4+ Kd6 56. Be2 Nxa4 57. Bxc4 Nxc3 58. Bf1 Kd5 59.
Bg2+ Kc4 60. Bf1+ Kb4 61. Kf3 a4 0-1

[Event "Julian Mazur Memorial"]
[Site "Wellington Chess Club"]
[Date "2017.08.03"]
[Round "3.03"]
[White "Timergazi, Layla"]
[Black "Jackson, Ross"]
[Result "1/2-1/2"]
[WhiteElo "2158"]
[BlackElo "2020"]

1. d4 d5 2. c4 e6 3. Nc3 c6 4. Nf3 Nd7 5. e4 dxe4 6. Nxe4 Ngf6 7. Ng3 Bb4+ 8.
Bd2 Qa5 9. Bd3 Bxd2+ 10. Nxd2 O-O 11. O-O e5 12. Nb3 Qc7 13. Re1 exd4 14. Nxd4
Nc5 15. Nh5 Nxh5 16. Bxh7+ Kxh7 17. Qxh5+ Kg8 18. Qxc5 Qb6 19. Qe5 Qxb2 20. h4
f6 21. Qf4 c5 22. Nb3 b6 23. Re7 Qc2 24. Qg3 Rf7 25. Rxf7 (25. Re8+ Rf8 26.
Rxf8+ Kxf8 27. Qd6+ Kg8 28. Qd5+) 25... Kxf7 26. Qf3 Rb8 27. Qd5+ Be6 28. Qd6
Re8 29. Rc1 Qxa2 30. Qd3 Qb2 31. Re1 f5 32. h5 Qf6 33. Nd2 Rd8 34. Qe2 Rd4 35.
Nf3 Re4 36. Qd2 Rxe1+ 37. Qxe1 Qd8 38. Qe3 Qd1+ 39. Kh2 Qd6+ 40. g3 Bd7 {Draw
agreed} 1/2-1/2

[Event "Julian Mazur Memorial"]
[Site "Wellington Chess Club"]
[Date "2017.08.03"]
[Round "3.04"]
[White "Rossiter, Philip"]
[Black "Croad, Nicolas"]
[Result "0-1"]
[WhiteElo "1978"]
[BlackElo "2393"]

1. c4 Nf6 2. Nc3 e6 3. Nf3 d5 4. d4 Be7 5. Bg5 h6 6. Bxf6 Bxf6 7. e3 O-O 8. Qc2
a6 9. cxd5 exd5 10. Bd3 c6 11. O-O a5 12. Rac1 Re8 13. Rfe1 Bg4 14. Nd2 Nd7 15.
Na4 b5 16. Nc5 Nxc5 17. Qxc5 Be7 18. Qc2 a4 19. Bf5 Bxf5 20. Qxf5 Bb4 21. Red1
Re6 22. Nf3 Bd6 23. Ne5 Bxe5 24. dxe5 Qb6 25. Qc2 Rae8 26. g3 Rg6 27. Qc3 Qd8
28. Qd4 Qg5 29. f4 Qg4 30. Qd3 h5 31. f5 Rh6 32. e4 Rxe5 33. exd5 Rxd5 34. Qc2
Qxf5 35. Rxd5 Qxd5 0-1